000 00725nas a2200253 4500
001 BR7700431
003 BR-BrBNA
005 20231205083039.0
007 ta
008 230509b bl.|||p| |||| 00| 00por d
040 _aBR-BrBNA
_bpor
_cBiblioteca Nacional de Agricultura
041 _a(Pt)
072 _aS00
100 1 _aCosta, S.I. da
100 1 _aQuast, D.Q.
100 1 _aMoretti, V.A.
100 1 _aCanto, W.L. do
100 1 _aCobbe, R.V.
245 1 _aO emprego da soja na alimentacao humana [Brasil]
650 _aSOJA
773 0 _tBoletim do Instituto de Tecnologia de Alimentos (Brazil)
_x
_g(Jun 1976), (no. 46) p. 1-24
_wBR7700431
909 _a202311
_bLúcia
_c55
_dLúcia Elande
942 _2AGRIS
_n0
_cANA
999 _c96015
_d96015